| 000 | 01002nam a2200265Ia 4500 | ||
|---|---|---|---|
| 003 | OSt | ||
| 005 | 20220930092658.0 | ||
| 006 | a|||||r|||| 00| 0 | ||
| 007 | ta | ||
| 008 | 220926b |||||||| |||| 00| 0 eng d | ||
| 024 | _a23671 | ||
| 037 | _cTheses | ||
| 040 |
_aCRL _cCRL _beng |
||
| 041 |
_2eng _aeng |
||
| 100 |
_aPushpanjali _9549440 |
||
| 110 | _aUniversity OF Delhi. Faculty OF Medical Sciences. Department OF Pathology | ||
| 245 | 0 | _aCorrelation between sputum cytology, bronchoalveolar lavage cytology, transbronchial needle aspiration cytology and bronchial brushing cytology with bronchial biopsy in the diagnosis of pulmonary pathology | |
| 260 | _c2015 | ||
| 650 |
_aPATHOLOGY _9174058 |
||
| 700 |
_a Dr. Reena bharadwaj Gu. _9549441 |
||
| 700 |
_a Dr. Renu Madan Gu. _9549442 |
||
| 700 | _aUniversity OF Delhi. Faculty OF Medical Sciences. Department OF Pathology | ||
| 942 |
_cDIS _2CC |
||
| 999 |
_c884138 _d884138 |
||